000 00451nam a2200193Ia 4500
005 20240823022646.0
008 240823s9999||||xx |||||||||||||| ||und||
020 _a81-7992-667-2
041 _aENGLISH
082 _A620.5 P7
100 _a"Atkinson,William Illsey"
245 0 _aNANO Technology
250 _a1st
260 _c2007
_b"Jaico,B"
_aMumbai
500 _aTRANSFERED
650 _aNano
_bMechanical
942 _cBK
999 _c179694
_d179694